Normal view
MARC view
- Volfkovich, Yury Mironovich
Entry Personal Name
001 - CONTROL NUMBER
- control field: 115190
003 - CONTROL NUMBER IDENTIFIER
- control field: NUST
005 - DATE AND TIME OF LATEST TRANSACTION
- control field: 20230912165222.0
008 - FIXED-LENGTH DATA ELEMENTS
- fixed length control field: 230912|| aca||aabn | a|a d
040 ## - CATALOGING SOURCE
- Original cataloging agency: NUST
- Transcribing agency: NUST
100 ## - HEADING--PERSONAL NAME
- Personal name: Volfkovich, Yury Mironovich
670 ## - SOURCE DATA FOUND
- Source citation: Work cat.: (NUST): Volfkovich, Yury Mironovich, Structural properties of porous materials and powders used in different fields of science and technology /
